Detským srdciam 6 detských piesní : spev a klavír /

Hlavní autor: Frešo, Tibor, 1918-1987
Další autoři: Bendová, Krista, 1923-1988
Jazyk: Slovenština
Vydáno: Bratislava : Slovenský hudobný fond, 1985
Vydání: 3 vyd.
Fyzický popis: 15 s.
Hudebniny Hudebniny
Uloženo v:
LEADER 00837ncm a22002412a 4500
001 001194213
003 CZ BrMZK
005 20120302074751.0
007 qu
008 120210s1985 xo |||||||||||||||||slo d
040 |a BOA001  |b cze 
072 7 |a 784  |x Vokální hudba  |2 Konspekt  |9 9 
100 1 |a Frešo, Tibor,  |d 1918-1987  |7 jn20000601631  |4 cmp 
245 1 0 |a Detským srdciam  |h [hudebnina] :  |b 6 detských piesní : spev a klavír /  |c Tibor Frešo ; na verše Kristy Bendovej 
250 |a 3 vyd. 
260 |a Bratislava :  |b Slovenský hudobný fond,  |c 1985 
300 |a 15 s. 
500 |a Inštruktívná tvorba 
700 1 |a Bendová, Krista,  |d 1923-1988  |7 xx0003631  |4 lyr 
910 |a BOA001  |b Mus4-0792.081-85 
990 |a MU 
991 |b 201202 
996 6 |b 2619073656  |c Mus4-0792.081  |l MZK  |r Sklad / do 1 hodiny  |n 0  |w 001227769  |u 000010  |a 1  |e BOA001  |j MZK50  |s P